[Event "71st MNE-ch 2019"]
[Site "Podgorica"]
[Date "2019.05.25"]
[Round "8.2"]
[White "Kalezic, Blazo"]
[Black "Tomic, Aleksandar"]
[Result "1/2-1/2"]
[WhiteElo "2450"]
[BlackElo "2357"]
[Annotator "ChessBase"]
[PlyCount "94"]
[EventDate "2019.05.18"]
[EventType "swiss"]
[EventCountry "MNE"]
[SourceTitle "playchess.com"]
[Source "ChessBase"]
[SourceQuality "1"]
[TimeControl "40/5400+30:1800+30"]

1. e4 {[%emt 0:00:00]} c5 {[%emt 0:09:02]} 2. c3 {[%emt 0:00:00]} d5 {[%emt 0:00:38]} 3. exd5 {[%emt 0:00:00]} Qxd5 {[%emt 0:00:16]} 4. d4 {[%emt 0:03:05]} Nf6 {[%emt 0:03:46]} 5. Nf3 {[%emt 0:04:38]} e6 {[%emt 0:01:12]} 6. Bd3 {[%emt 0:04:53]} Be7 {[%emt 0:04:21]} 7. O-O {[%emt 0:01:18]} O-O {[%emt 0:00:17]} 8. Be3 {[%emt 0:00:28]} b6 {[%emt 0:03:17]} 9. c4 {[%emt 0:05:50]} Qd6 {[%emt 0:07:24]} 10. dxc5 {[%emt 0:04:20]} bxc5 {[%emt 0:00:01]} 11. Qe2 {[%emt 0:00:09]} Bb7 {[%emt 0:03:07]} 12. Rd1 {[%emt 0:00:16]} Qc7 {[%emt 0:08:21]} 13. Nc3 {[%emt 0:05:42]} Nc6 {[%emt 0:03:02]} 14. Rac1 {[%emt 0:05:08]} Rfd8 {[%emt 0:08:42]} 15. Nb5 {[%emt 0:17:04]} Qb8 {[%emt 0:05:27]} 16. h3 {[%emt 0:02:02]} e5 {[%emt 0:11:03]} 17. Nc3 {[%emt 0:11:04]} Nd4 {[%emt 0:13:18]} 18. Bxd4 {[%emt 0:00:19]} exd4 {[%emt 0:01:46]} 19. Qxe7 {[%emt 0:12:22]} Bxf3 {[%emt 0:00:28]} 20. gxf3 {[%emt 0:01:14]} dxc3 {[%emt 0:01:46]} 21. bxc3 {[%emt 0:00:12]} Qf4 {[%emt 0:02:16]} 22. Qe3 {[%emt 0:05:03]} Qh4 {[%emt 0:01:00]} 23. Bf1 {[%emt 0:00:43]} Qh5 {[%emt 0:03:04]} 24. Qf4 {[%emt 0:02:15]} Re8 {[%emt 0:00:29]} 25. Re1 {[%emt 0:01:02]} h6 {[%emt 0:01:42]} 26. Kh1 {[%emt 0:05:37]} Qg6 {[%emt 0:04:30]} 27. Red1 {[%emt 0:03:20]} Qh5 {[%emt 0:00:23]} 28. Re1 {[%emt 0:01:12]} Qg6 {[%emt 0:00:38]} 29. Red1 {[%emt 0:00:57]} Re6 {[%emt 0:00:43]} 30. Qg3 {[%emt 0:02:17]} Qh5 {[%emt 0:00:47]} 31. Bd3 {[%emt 0:00:26]} Rae8 {[%emt 0:00:36]} 32. Rg1 {[%emt 0:00:22]} g6 {[%emt 0:00:18]} 33. Kh2 {[%emt 0:00:39]} Kg7 {[%emt 0:01:01]} 34. Rcd1 {[%emt 0:01:59]} R8e7 {[%emt 0:00:17]} 35. f4 {[%emt 0:00:17]} Ra6 {[%emt 0:00:41]} 36. Rd2 {[%emt 0:00:53]} Ra3 {[%emt 0:00:53]} 37. f5 {[%emt 0:00:26]} g5 {[%emt 0:01:00]} 38. Bc2 {[%emt 0:00:38]} g4 {[%emt 0:00:37]} 39. Bd1 {[%emt 0:00:30]} Ne4 {[%emt 0:00:38]} 40. f6+ {[%emt 0:00:00]} Nxf6 {[%emt 0:00:00]} 41. Bxg4 {[%emt 0:02:27]} Nxg4+ {[%emt 0:03:45]} 42. Qxg4+ {[%emt 0:00:45]} Qxg4 {[%emt 0:00:17]} 43. Rxg4+ {[%emt 0:00:37]} Kh7 {[%emt 0:00:33]} 44. Rg3 {[%emt 0:09:32]} Ra4 {[%emt 0:01:17]} 45. Rgd3 {[%emt 0:01:54]} Rxc4 {[%emt 0:01:28]} 46. Rd7 {[%emt 0:00:19]} Rxd7 {[%emt 0:00:19]} 47. Rxd7 {[%emt 0:00:06]} Kg6 {[%emt 0:00:08]} 1/2-1/2

[Event "71st MNE-ch 2019"]
[Site "Podgorica"]
[Date "2019.05.25"]
[Round "8.3"]
[White "Blagojevic, Dragisa"]
[Black "Nikac, Predrag"]
[Result "1-0"]
[WhiteElo "2499"]
[BlackElo "2319"]
[Annotator "ChessBase"]
[PlyCount "79"]
[EventDate "2019.05.18"]
[EventType "swiss"]
[EventCountry "MNE"]
[SourceTitle "playchess.com"]
[Source "ChessBase"]
[SourceQuality "1"]
[TimeControl "40/5400+30:1800+30"]

1. d4 {[%emt 0:00:54]} f5 {[%emt 0:02:23]} 2. c4 {[%emt 0:00:10]} g6 {[%emt 0:00:37]} 3. g3 {[%emt 0:00:25]} Nf6 {[%emt 0:00:15]} 4. Nc3 {[%emt 0:00:12]} Bg7 {[%emt 0:00:15]} 5. Bg2 {[%emt 0:00:09]} O-O {[%emt 0:00:13]} 6. Nf3 {[%emt 0:00:05]} d6 {[%emt 0:00:25]} 7. O-O {[%emt 0:00:07]} Nc6 {[%emt 0:02:13]} 8. d5 {[%emt 0:00:13]} Na5 {[%emt 0:00:10]} 9. Qd3 {[%emt 0:01:07]} c5 {[%emt 0:00:14]} 10. Bd2 {[%emt 0:01:58]} a6 {[%emt 0:00:48]} 11. Rac1 {[%emt 0:02:04]} Rb8 {[%emt 0:01:42]} 12. b3 {[%emt 0:00:24]} Bd7 {[%emt 0:10:09]} 13. e4 {[%emt 0:01:10]} Ng4 {[%emt 0:12:07]} 14. exf5 {[%emt 0:11:26]} Rxf5 {[%emt 0:05:37]} 15. Qe2 {[%emt 0:07:30]} b5 {[%emt 0:01:31]} 16. Ng5 {[%emt 0:05:32]} bxc4 {[%emt 0:05:43]} 17. Qxg4 {[%emt 0:11:37]} cxb3 {[%emt 0:06:06]} 18. Qh4 {[%emt 0:14:03]} h6 {[%emt 0:07:25]} 19. Nge4 {[%emt 0:02:58]} bxa2 {[%emt 0:08:48]} 20. Nxa2 {[%emt 0:11:11]} Nb3 {[%emt 0:09:52]} 21. Rcd1 {[%emt 0:01:34]} Nd4 {[%emt 0:03:24]} 22. g4 {[%emt 0:06:00]} g5 {[%emt 0:02:25]} 23. Qh3 {[%emt 0:02:41]} Ne2+ {[%emt 0:01:00]} 24. Kh1 {[%emt 0:00:13]} Rf7 {[%emt 0:03:20]} 25. Bxg5 {[%emt 0:02:17]} hxg5 {[%emt 0:01:09]} 26. Nxg5 {[%emt 0:00:06]} Rf4 {[%emt 0:04:10]} 27. Qh7+ {[%emt 0:05:08]} Kf8 {[%emt 0:00:04]} 28. h3 {[%emt 0:00:29]} Rb2 {[%emt 0:01:08]} 29. Nc1 {[%emt 0:00:48]} Nxc1 {[%emt 0:01:25]} 30. Rxc1 {[%emt 0:00:04]} Rbxf2 {[%emt 0:02:07]} 31. Rxf2 {[%emt 0:00:19]} Rxf2 {[%emt 0:00:03]} 32. Rf1 {[%emt 0:06:03]} Rxf1+ {[%emt 0:01:02]} 33. Bxf1 {[%emt 0:00:04]} e6 {[%emt 0:02:08]} 34. Qg6 {[%emt 0:01:43]} Qe8 {[%emt 0:01:36]} 35. Nh7+ {[%emt 0:00:30]} Ke7 {[%emt 0:01:08]} 36. Qxg7+ {[%emt 0:00:22]} Kd8 {[%emt 0:00:01]} 37. Nf6 {[%emt 0:01:04]} Qe7 {[%emt 0:01:01]} 38. Qxe7+ {[%emt 0:00:26]} Kxe7 {[%emt 0:00:19]} 39. Nxd7 {[%emt 0:00:04]} exd5 {[%emt 0:01:45]} 40. Nb6 {[%emt 0:00:00]} 1-0

[Event "71st MNE-ch 2019"]
[Site "Podgorica"]
[Date "2019.05.25"]
[Round "8.5"]
[White "Milovic, Jovan"]
[Black "Kisic, Bozidar"]
[Result "0-1"]
[WhiteElo "2280"]
[BlackElo "2200"]
[Annotator "NA"]
[PlyCount "80"]
[EventDate "2019.05.18"]
[EventType "swiss"]
[EventCountry "MNE"]
[SourceTitle "playchess.com"]
[Source "ChessBase"]
[SourceQuality "1"]
[TimeControl "40/5400+30:1800+30"]

1. e3 {[%emt 0:09:41]} d5 {[%emt 0:00:25]} 2. c4 {[%emt 0:00:13]} e6 {[%emt 0:00:53]} 3. Nf3 {[%emt 0:02:13]} Nf6 {[%emt 0:03:17]} 4. b3 {[%emt 0:00:52]} Nbd7 {[%emt 0:03:41]} 5. Bb2 {[%emt 0:00:19]} c6 {[%emt 0:01:07]} 6. Nc3 {[%emt 0:01:56]} Bd6 {[%emt 0:02:11]} 7. Qc2 {[%emt 0:01:26]} Qe7 {[%emt 0:04:09]} 8. Rc1 {[%emt 0:03:51]} O-O {[%emt 0:06:48]} 9. d4 {[%emt 0:03:04]} a6 {[%emt 0:14:40]} 10. Be2 {[%emt 0:02:43]} e5 {[%emt 0:12:53]} 11. O-O {[%emt 0:02:00]} e4 {[%emt 0:02:39]} 12. Nd2 {[%emt 0:00:13]} b5 {[%emt 0:03:47]} 13. Nd1 {[%emt 0:04:12]} Bb7 {[%emt 0:04:16]} 14. c5 {[%emt 0:01:06]} Bc7 {[%emt 0:00:20]} 15. f3 {[%emt 0:00:24]} exf3 {[%emt 0:01:59]} 16. gxf3 {[%emt 0:01:12]} Rae8 {[%emt 0:04:44]} 17. Rf2 {[%emt 0:01:11]} Nh5 {[%emt 0:02:44]} 18. f4 {[%emt 0:06:43]} Ndf6 {[%emt 0:05:57]} 19. Nf3 {[%emt 0:01:55]} Ne4 {[%emt 0:04:16]} 20. Rg2 {[%emt 0:03:32]} g6 {[%emt 0:01:33]} 21. Ne5 {[%emt 0:02:28]} Ng7 {[%emt 0:01:06]} 22. Bc3 {[%emt 0:04:16]} f6 {[%emt 0:01:44]} 23. Ng4 {[%emt 0:01:04]} Nf5 {[%emt 0:00:42]} 24. Be1 {[%emt 0:00:21]} h5 {[%emt 0:02:53]} 25. Nh6+ {[%emt 0:13:16]} Nxh6 {[%emt 0:00:48]} 26. Bxh5 {[%emt 0:00:03]} g5 {[%emt 0:04:28]} 27. Bxe8 {[%emt 0:05:29]} Rxe8 {[%emt 0:00:31]} 28. Nf2 {[%emt 0:01:16]} Nf7 {[%emt 0:01:46]} 29. Qd1 {[%emt 0:03:15]} Nxf2 {[%emt 0:01:00]} 30. Bxf2 {[%emt 0:00:03]} Kg7 {[%emt 0:01:15]} 31. h4 {[%emt 0:03:00]} Bc8 {[%emt 0:00:50]} 32. hxg5 {[%emt 0:02:47]} fxg5 {[%emt 0:00:06]} 33. a4 {[%emt 0:00:59]} b4 {[%emt 0:01:08]} 34. Qd2 {[%emt 0:02:17]} Qe4 {[%emt 0:01:22]} 35. Qxb4 {[%emt 0:01:47]} Rh8 {[%emt 0:00:23]} 36. Qc3 {[%emt 0:02:12]} Bh3 {[%emt 0:00:51]} 37. Rh2 {[%emt 0:00:37]} g4 {[%emt 0:01:48]} 38. Qc2 {[%emt 0:01:10]} Qf3 {[%emt 0:01:34]} 39. Qd1 {[%emt 0:03:46]} Ng5 {[%emt 0:00:27]} 40. Qxf3 {[%emt 0:00:00]} Nxf3+ {[%emt 0:00:00]} 0-1

[Event "71st MNE-ch 2019"]
[Site "Podgorica"]
[Date "2019.05.25"]
[Round "8.6"]
[White "Miletic, Vuk"]
[Black "Pecurica, Milos"]
[Result "1/2-1/2"]
[WhiteElo "1954"]
[BlackElo "2365"]
[Annotator "NA"]
[PlyCount "80"]
[EventDate "2019.05.18"]
[EventType "swiss"]
[EventCountry "MNE"]
[SourceTitle "playchess.com"]
[Source "ChessBase"]
[SourceQuality "1"]
[TimeControl "40/5400+30:1800+30"]

1. d4 {[%emt 0:00:00]} Nf6 {[%emt 0:00:00]} 2. c4 {[%emt 0:00:00]} e6 {[%emt 0:00:08]} 3. Nf3 {[%emt 0:00:00]} d5 {[%emt 0:00:07]} 4. Nc3 {[%emt 0:00:10]} dxc4 {[%emt 0:00:06]} 5. e3 {[%emt 0:00:14]} a6 {[%emt 0:00:20]} 6. a4 {[%emt 0:00:17]} c5 {[%emt 0:01:47]} 7. Bxc4 {[%emt 0:00:21]} Nc6 {[%emt 0:01:26]} 8. O-O {[%emt 0:00:07]} cxd4 {[%emt 0:00:56]} 9. exd4 {[%emt 0:00:29]} Be7 {[%emt 0:00:07]} 10. Re1 {[%emt 0:02:52]} Nb4 {[%emt 0:02:01]} 11. Bg5 {[%emt 0:01:33]} O-O {[%emt 0:00:48]} 12. Qe2 {[%emt 0:00:29]} Re8 {[%emt 0:20:34]} 13. Rad1 {[%emt 0:01:10]} Nfd5 {[%emt 0:04:14]} 14. Bxe7 {[%emt 0:01:19]} Rxe7 {[%emt 0:00:41]} 15. Bxd5 {[%emt 0:19:14]} Nxd5 {[%emt 0:00:11]} 16. Nxd5 {[%emt 0:07:04]} Qxd5 {[%emt 0:00:13]} 17. Rc1 {[%emt 0:00:11]} b6 {[%emt 0:02:08]} 18. Qe5 {[%emt 0:07:58]} Bb7 {[%emt 0:02:22]} 19. Qxd5 {[%emt 0:12:17]} Bxd5 {[%emt 0:00:17]} 20. Ne5 {[%emt 0:01:11]} Kf8 {[%emt 0:19:58]} 21. h4 {[%emt 0:08:25]} Rb7 {[%emt 0:14:15]} 22. Re3 {[%emt 0:06:24]} Rd8 {[%emt 0:01:06]} 23. Rec3 {[%emt 0:00:58]} f6 {[%emt 0:02:51]} 24. Rc8 {[%emt 0:01:15]} Rxc8 {[%emt 0:00:45]} 25. Rxc8+ {[%emt 0:00:03]} Ke7 {[%emt 0:00:04]} 26. Nd3 {[%emt 0:01:56]} a5 {[%emt 0:00:26]} 27. Rc3 Rd7 {[%emt 0:01:55]} 28. Nc1 {[%emt 0:10:12]} Kd6 {[%emt 0:00:25]} 29. f3 {[%emt 0:01:26]} Bc6 {[%emt 0:00:53]} 30. b3 {[%emt 0:00:54]} Rb7 {[%emt 0:00:42]} 31. Nd3 {[%emt 0:02:51]} Bd5 {[%emt 0:00:45]} 32. Kf2 {[%emt 0:03:53]} Rc7 {[%emt 0:02:23]} 33. Rxc7 {[%emt 0:00:40]} Kxc7 {[%emt 0:00:04]} 34. Nc1 {[%emt 0:00:32]} b5 {[%emt 0:00:11]} 35. axb5 {[%emt 0:00:27]} Kb6 {[%emt 0:00:09]} 36. Ke3 {[%emt 0:00:46]} Kxb5 {[%emt 0:00:10]} 37. Kd3 {[%emt 0:01:04]} g5 {[%emt 0:09:43]} 38. hxg5 {[%emt 0:00:45]} fxg5 {[%emt 0:00:04]} 39. Kc3 {[%emt 0:03:55]} h5 {[%emt 0:00:15]} 40. Nd3 {[%emt 0:00:00]} h4 {[%emt 0:00:00]} 1/2-1/2

[Event "71st MNE-ch 2019"]
[Site "Podgorica"]
[Date "2019.05.25"]
[Round "8.7"]
[White "Popadic, Dragan"]
[Black "Vujacic, Igor"]
[Result "1/2-1/2"]
[WhiteElo "2198"]
[BlackElo "2205"]
[Annotator "NA RC"]
[PlyCount "167"]
[EventDate "2019.05.18"]
[EventType "swiss"]
[EventCountry "MNE"]
[SourceTitle "playchess.com"]
[Source "ChessBase"]
[SourceQuality "1"]
[TimeControl "40/5400+30:1800+30"]

1. e4 {[%emt 0:00:00]} c5 {[%emt 0:14:09]} 2. Nc3 {[%emt 0:00:00]} Nc6 {[%emt 0:00:26]} 3. f4 {[%emt 0:00:00]} g6 {[%emt 0:00:23]} 4. Nf3 {[%emt 0:00:04]} Bg7 {[%emt 0:00:15]} 5. Bc4 {[%emt 0:00:21]} d6 {[%emt 0:00:55]} 6. d3 {[%emt 0:00:42]} e6 {[%emt 0:00:31]} 7. O-O {[%emt 0:00:23]} Nge7 {[%emt 0:00:10]} 8. Qe1 {[%emt 0:00:40]} O-O {[%emt 0:00:42]} 9. f5 {[%emt 0:00:44]} d5 {[%emt 0:00:10]} 10. Bb3 {[%emt 0:00:15]} dxe4 {[%emt 0:01:09]} 11. dxe4 {[%emt 0:05:33] B23: Closed Sicilian: Lines without g3} (11. f6 exf3 12. fxg7 Qd4+ 13. Rf2 Qxg7 14. Rxf3 Nd4 15. Rf2 b6 16. Bf4 f6 17. Bd6 Re8 18. Ba4 Rd8 {1-0 (49) Simonian,H (2468)-Nakamura,H (2774) ICC INT 2011}) 11... exf5 {[%emt 0:01:26]} 12. Qh4 {[%emt 0:01:38]} fxe4 {[%emt 0:00:36]} 13. Ng5 {[%emt 0:02:00]} h6 {[%emt 0:00:45]} 14. Bxf7+ {[%emt 0:01:19]} Rxf7 {[%emt 0:01:34]} 15. Nxf7 {[%emt 0:03:33]} Qd4+ {[%emt 0:00:40]} 16. Kh1 {[%emt 0:03:34]} Nf5 {[%emt 0:00:25]} 17. Nxh6+ {[%emt 0:12:46]} Bxh6 {[%emt 0:00:47]} 18. Rxf5 {[%emt 0:01:36]} Bxf5 {[%emt 0:00:13]} 19. Bxh6 $146 {[%emt 0:00:54]} ({Predecessor:} 19. Qxh6) 19... e3 {[%emt 0:00:09]} 20. Qg3 {[%emt 0:06:23]} Re8 {[%emt 0:17:25]} 21. Re1 {[%emt 0:06:32]} e2 {[%emt 0:18:29]} 22. Rxe2 {[%emt 0:06:29]} Rxe2 {[%emt 0:00:27]} 23. Nxe2 {[%emt 0:00:06]} Qxb2 {[%emt 0:02:42]} 24. h3 {[%emt 0:07:16]} Qxa2 {[%emt 0:14:09]} 25. Qd6 {[%emt 0:04:33]} Kh7 {[%emt 0:01:45]} 26. Bf8 {[%emt 0:12:28]} Qa1+ {[%emt 0:06:26]} 27. Ng1 {[%emt 0:00:30]} Qe5 {[%emt 0:00:28]} 28. Qd2 {[%emt 0:01:26]} Kg8 {[%emt 0:00:46]} 29. Bd6 {[%emt 0:01:47]} Qd4 {[%emt 0:01:06]} 30. Nf3 {[%emt 0:01:20]} Qxd2 {[%emt 0:00:15]} 31. Nxd2 {[%emt 0:00:01]} Bxc2 {[%emt 0:06:19]} 32. Bxc5 {[%emt 0:01:16]} b5 {[%emt 0:00:12]} 33. Kg1 {[%emt 0:00:46]} a5 {[%emt 0:02:29]} 34. Kf2 {[%emt 0:00:17]} a4 {[%emt 0:00:47]} 35. Ke3 {[%emt 0:00:58]} b4 {[%emt 0:01:46]} 36. Nc4 {[%emt 0:01:04]} a3 {[%emt 0:02:53]} 37. Nxa3 {[%emt 0:00:26]} bxa3 {[%emt 0:00:07]} 38. Bxa3 {[%emt 0:00:05]} Kg7 {[%emt 0:01:24]} 39. Bb2+ {[%emt 0:00:32]} Kh6 {[%emt 0:00:17]} 40. Kf4 {[%emt 0:00:00]} Nb4 {[%emt 0:00:00]} 41. Ba1 Nd5+ {[%emt 0:02:08]} 42. Kf3 {[%emt 0:02:29]} Kg5 {[%emt 0:01:45]} 43. Bb2 {[%emt 0:01:09]} Bd1+ {[%emt 0:00:22]} 44. Ke4 {[%emt 0:01:48]} Nf6+ {[%emt 0:00:31]} 45. Ke3 {[%emt 0:00:36]} Nd5+ {[%emt 0:02:38]} 46. Ke4 {[%emt 0:00:52]} Bb3 {[%emt 0:00:19]} 47. Bd4 {[%emt 0:02:00]} Ne7 {[%emt 0:00:54]} 48. Be3+ {[%emt 0:01:26]} Kf6 {[%emt 0:01:14]} 49. Kf3 {[%emt 0:01:09]} Bd5+ {[%emt 0:00:34]} 50. Kf2 {[%emt 0:00:16]} Nf5 {[%emt 0:02:38]} 51. Bb6 {[%emt 0:01:21]} Ke5 {[%emt 0:01:24]} 52. Bd8 {[%emt 0:00:35]} Nd6 {[%emt 0:02:32]} 53. Bc7 {[%emt 0:00:59]} Ke6 {[%emt 0:00:09]} 54. Bd8 {[%emt 0:01:00]} Ne4+ {[%emt 0:00:11]} 55. Ke3 {[%emt 0:01:06]} Kf5 {[%emt 0:00:56]} 56. Bc7 {[%emt 0:02:07]} Ng5 {[%emt 0:01:16]} 57. g4+ {[%emt 0:03:03]} Ke6 {[%emt 0:00:35]} 58. h4 {[%emt 0:00:23]} Kd7 {[%emt 0:05:52]} 59. Be5 {[%emt 0:03:42]} Ne6 {[%emt 0:00:58]} 60. Bf6 {[%emt 0:02:25]} Ke8 {[%emt 0:01:12]} 61. Bb2 {[%emt 0:01:00]} Kf7 {[%emt 0:00:24]} 62. Be5 {[%emt 0:00:36]} Bc6 {[%emt 0:00:28]} 63. Bb2 {[%emt 0:00:41]} Ba4 {[%emt 0:00:37]} 64. Kf3 {[%emt 0:00:31]} Bd1+ {[%emt 0:00:42]} 65. Kg3 {[%emt 0:00:08]} Ke7 {[%emt 0:00:49]} 66. Be5 {[%emt 0:00:51]} Be2 {[%emt 0:00:21]} 67. Ba1 {[%emt 0:00:29]} Kd6 {[%emt 0:00:09]} 68. Bf6 {[%emt 0:01:51]} Bd1 {[%emt 0:00:20]} 69. Ba1 $17 {[%emt 0:00:17]} Kd5 {[%emt 0:00:08]} 70. Bf6 {[%emt 0:00:51]} Be2 {[%emt 0:01:31]} 71. Ba1 Ke4 {[%emt 0:07:28]} 72. Bf6 {[%emt 0:02:15]} Bd3 {[%emt 0:02:04]} 73. Be7 {[%emt 0:02:11]} Bc2 {[%emt 0:00:59]} 74. Bf6 {[%emt 0:00:56]} Bb1 {[%emt 0:00:39]} 75. Be7 {[%emt 0:00:42]} Bd3 {[%emt 0:00:05]} 76. Bf6 {[%emt 0:02:33]} Nf4 {[%emt 0:01:12]} 77. h5 {[%emt 0:03:39]} gxh5 {[%emt 0:02:47]} 78. Kh4 {[%emt 0:00:13]} Be2 {[%emt 0:03:25]} 79. gxh5 {[%emt 0:00:26]} Kf5 {[%emt 0:00:48]} 80. Bd8 {[%emt 0:01:33]} Nxh5 {[%emt 0:00:16]} 81. Bc7 {[%emt 0:00:21]} Bg4 {[%emt 0:00:12]} 82. Bb8 {[%emt 0:00:23]} Nf6 {[%emt 0:00:34]} 83. Kg3 {[%emt 0:00:14]} Ne4+ {[%emt 0:00:17]} 84. Kg2 {[%emt 0:00:23]} 1/2-1/2

[Event "71st MNE-ch 2019"]
[Site "Podgorica"]
[Date "2019.05.25"]
[Round "8.9"]
[White "Musovic, Armin"]
[Black "Abramovic, Dragoljub"]
[Result "1-0"]
[WhiteElo "2297"]
[BlackElo "2063"]
[Annotator "NA"]
[PlyCount "77"]
[EventDate "2019.05.18"]
[EventType "swiss"]
[EventCountry "MNE"]
[SourceTitle "playchess.com"]
[Source "ChessBase"]
[SourceQuality "1"]
[TimeControl "40/5400+30:1800+30"]

1. e4 {[%emt 0:00:00]} c6 {[%emt 0:04:19]} 2. Nc3 {[%emt 0:00:19]} d5 {[%emt 0:00:20]} 3. Nf3 {[%emt 0:00:05]} dxe4 {[%emt 0:02:12]} 4. Nxe4 {[%emt 0:00:20]} Bg4 {[%emt 0:00:58]} 5. h3 {[%emt 0:02:35]} Bxf3 {[%emt 0:01:03]} 6. Qxf3 {[%emt 0:00:04]} e6 {[%emt 0:00:13]} 7. Bc4 {[%emt 0:03:06]} Nf6 {[%emt 0:00:42]} 8. O-O {[%emt 0:02:42]} Nbd7 {[%emt 0:01:17]} 9. d4 {[%emt 0:00:39]} Nb6 {[%emt 0:00:54]} 10. Nxf6+ {[%emt 0:07:09]} Qxf6 {[%emt 0:04:30]} 11. Qxf6 {[%emt 0:00:15]} gxf6 {[%emt 0:00:02]} 12. Be2 {[%emt 0:00:37]} Rd8 {[%emt 0:00:40]} 13. Rd1 {[%emt 0:00:29]} e5 {[%emt 0:03:05]} 14. dxe5 {[%emt 0:02:31]} Rxd1+ {[%emt 0:00:18]} 15. Bxd1 {[%emt 0:00:03]} fxe5 {[%emt 0:00:06]} 16. Be3 {[%emt 0:00:40]} Nc4 {[%emt 0:06:21]} 17. Bxa7 {[%emt 0:00:13]} Nxb2 {[%emt 0:00:01]} 18. Bf3 {[%emt 0:01:54]} Ba3 {[%emt 0:02:08]} 19. Re1 {[%emt 0:00:10]} Bd6 {[%emt 0:01:42]} 20. Rb1 {[%emt 0:02:05]} Ba3 {[%emt 0:00:15]} 21. Be3 {[%emt 0:00:46]} c5 {[%emt 0:10:53]} 22. Bc1 {[%emt 0:01:19]} Nc4 {[%emt 0:00:08]} 23. Bh6 {[%emt 0:01:00]} Ke7 {[%emt 0:07:12]} 24. Rxb7+ {[%emt 0:00:50]} Ke6 {[%emt 0:00:58]} 25. Ra7 {[%emt 0:02:11]} Bb2 {[%emt 0:02:26]} 26. Ra6+ {[%emt 0:02:11]} Nd6 {[%emt 0:00:24]} 27. c4 {[%emt 0:00:19]} Rd8 {[%emt 0:06:37]} 28. Bd5+ {[%emt 0:02:41]} Kf6 {[%emt 0:02:44]} 29. a4 {[%emt 0:05:06]} Bc3 {[%emt 0:00:40]} 30. a5 {[%emt 0:00:16]} e4 {[%emt 0:02:29]} 31. Bxe4 {[%emt 0:04:52]} Ke7 {[%emt 0:02:42]} 32. Ra7+ {[%emt 0:01:36]} Kf6 {[%emt 0:03:06]} 33. Bd5 {[%emt 0:00:34]} Be5 {[%emt 0:00:30]} 34. g3 {[%emt 0:00:40]} Rb8 {[%emt 0:00:44]} 35. Be3 {[%emt 0:03:18]} Rb1+ {[%emt 0:00:43]} 36. Kg2 {[%emt 0:00:06]} Bd4 {[%emt 0:00:08]} 37. Rd7 {[%emt 0:00:46]} Bxe3 {[%emt 0:00:29]} 38. Rxd6+ {[%emt 0:00:07]} Ke7 {[%emt 0:00:48]} 39. Rb6 {[%emt 0:00:08]} 1-0

[Event "71st MNE-ch 2019"]
[Site "Podgorica"]
[Date "2019.05.25"]
[Round "8.10"]
[White "Sukovic, Andrej"]
[Black "Vujovic, Savo"]
[Result "1/2-1/2"]
[WhiteElo "2221"]
[BlackElo "1940"]
[Annotator "NA"]
[PlyCount "36"]
[EventDate "2019.05.18"]
[EventType "swiss"]
[EventCountry "MNE"]
[SourceTitle "playchess.com"]
[Source "ChessBase"]
[SourceQuality "1"]
[TimeControl "40/5400+30:1800+30"]

1. f4 {[%emt 0:01:58]} Nf6 {[%emt 0:01:29]} 2. b3 {[%emt 0:00:08]} g6 {[%emt 0:01:13]} 3. Bb2 {[%emt 0:00:07]} Bg7 {[%emt 0:00:05]} 4. e3 {[%emt 0:02:01]} O-O {[%emt 0:04:06]} 5. Nf3 {[%emt 0:00:09]} c5 {[%emt 0:06:43]} 6. Be2 {[%emt 0:00:36]} Nc6 {[%emt 0:00:44]} 7. O-O {[%emt 0:00:11]} d5 {[%emt 0:00:48]} 8. h3 {[%emt 0:03:09]} d4 {[%emt 0:09:11]} 9. Na3 {[%emt 0:03:33]} Nd5 {[%emt 0:03:08]} 10. Qc1 {[%emt 0:06:28]} dxe3 {[%emt 0:03:44]} 11. Bxg7 {[%emt 0:00:20]} Nxf4 {[%emt 0:02:34]} 12. Bc4 {[%emt 0:15:43]} Kxg7 {[%emt 0:04:59]} 13. Qb2+ {[%emt 0:00:47]} f6 {[%emt 0:05:37]} 14. dxe3 {[%emt 0:00:31]} Nh5 {[%emt 0:08:25]} 15. Nb5 Bf5 {[%emt 0:14:49]} 16. e4 {[%emt 0:08:44]} a6 {[%emt 0:04:53]} 17. Rad1 {[%emt 0:09:32]} Qb8 {[%emt 0:00:31]} 18. Nc3 {[%emt 0:05:08]} Bxh3 {[%emt 0:03:22]} 1/2-1/2

[Event "71st MNE-ch 2019"]
[Site "Podgorica"]
[Date "2019.05.25"]
[Round "8.11"]
[White "Pobor, Milo"]
[Black "Karisik, Nenad"]
[Result "1-0"]
[WhiteElo "1960"]
[BlackElo "2128"]
[Annotator "NA"]
[PlyCount "71"]
[EventDate "2019.05.18"]
[EventType "swiss"]
[EventCountry "MNE"]
[SourceTitle "playchess.com"]
[Source "ChessBase"]
[SourceQuality "1"]
[TimeControl "40/5400+30:1800+30"]

1. e4 {[%emt 0:00:00]} c5 {[%emt 0:00:09]} 2. Nf3 {[%emt 0:00:00]} d6 {[%emt 0:00:13]} 3. d4 {[%emt 0:00:00]} cxd4 {[%emt 0:00:06]} 4. Qxd4 {[%emt 0:00:01]} Nc6 {[%emt 0:00:15]} 5. Bb5 {[%emt 0:00:06]} Bd7 {[%emt 0:00:10]} 6. Bxc6 {[%emt 0:00:03]} Bxc6 {[%emt 0:00:06]} 7. Nc3 {[%emt 0:00:04]} Nf6 {[%emt 0:00:08]} 8. Bg5 {[%emt 0:00:06]} e6 {[%emt 0:00:19]} 9. O-O-O {[%emt 0:01:03]} Be7 {[%emt 0:00:38]} 10. Rhe1 {[%emt 0:00:06]} Qa5 {[%emt 0:02:11]} 11. Kb1 {[%emt 0:04:30]} h6 {[%emt 0:01:44]} 12. Bh4 {[%emt 0:03:06]} e5 {[%emt 0:00:54]} 13. Qd3 {[%emt 0:06:55]} g5 {[%emt 0:01:01]} 14. Bg3 {[%emt 0:00:44]} Rc8 {[%emt 0:02:42]} 15. Nd2 {[%emt 0:03:52]} b5 {[%emt 0:01:19]} 16. h4 {[%emt 0:22:09]} b4 {[%emt 0:04:50]} 17. Nb3 {[%emt 0:02:44]} Qb6 {[%emt 0:09:54]} 18. hxg5 {[%emt 0:08:04]} hxg5 {[%emt 0:07:32]} 19. Nd5 {[%emt 0:01:02]} Nxd5 {[%emt 0:01:39]} 20. exd5 {[%emt 0:00:03]} Bd7 {[%emt 0:01:10]} 21. Qe2 {[%emt 0:04:49]} Kf8 {[%emt 0:01:36]} 22. f4 {[%emt 0:11:09]} gxf4 {[%emt 0:00:52]} 23. Bxf4 {[%emt 0:01:47]} Bb5 {[%emt 0:03:26]} 24. Qg4 {[%emt 0:03:29]} Rc4 {[%emt 0:06:39]} 25. Rh1 {[%emt 0:00:10]} Rxh1 {[%emt 0:00:28]} 26. Rxh1 {[%emt 0:00:01]} Bf6 {[%emt 0:01:25]} 27. Bh6+ {[%emt 0:00:15]} Ke7 {[%emt 0:00:25]} 28. Qg3 {[%emt 0:07:19]} Qd8 {[%emt 0:12:23]} 29. Nd2 {[%emt 0:06:44]} Rd4 {[%emt 0:01:39]} 30. Be3 {[%emt 0:00:08]} Rxd5 {[%emt 0:01:04]} 31. Ne4 {[%emt 0:00:13]} Kd7 {[%emt 0:00:50]} 32. Qf3 {[%emt 0:00:38]} Be7 {[%emt 0:00:31]} 33. Nf6+ {[%emt 0:00:43]} Bxf6 {[%emt 0:00:30]} 34. Qxd5 {[%emt 0:00:05]} Bc6 {[%emt 0:01:27]} 35. Qxf7+ {[%emt 0:00:30]} Qe7 {[%emt 0:00:11]} 36. Qg6 {[%emt 0:00:23]} 1-0